Anička ve městě /

Hlavní autor: Peroutková, Ivana, 1960-
Další autoři: Nováková, Jindřiška, 1954-, Issová, Martha, 1981-
Jazyk: Čeština
Vydáno: Praha : Albatros, [2016]
Témata:
Fyzický popis: 1 audiodisk (2 hod., 34 min.) ; 12 cm
Zvukové nahrávky
Uloženo v:
LEADER 01833nim a2200517 i 4500
001 001540784
003 CZ BrMZK
005 20160930100203.0
007 sd fungnnmmned
008 160830t20162016xr ||nne f n cze
015 |a cnb002830065 
024 3 |a 8594050422407 
028 0 1 |a 8594050422407  |b Albatros 
040 |a BOA001  |b cze  |e rda 
072 7 |a 821.162.3-3  |x Česká próza  |2 Konspekt  |9 25 
072 7 |a 821-93  |x Literatura pro děti a mládež (beletrie)  |2 Konspekt  |9 26 
080 |a 821.162.3-32  |2 MRF 
080 |a (0:82-32)  |2 MRF 
080 |a (086.7.053.2)  |2 MRF 
080 |a (086.7)08  |2 MRF 
080 |a (086.76)  |2 MRF 
100 1 |a Peroutková, Ivana,  |d 1960-  |7 jn20000401963  |4 aut 
245 1 0 |a Anička ve městě /  |c Ivana Peroutková 
264 1 |a Praha :  |b Albatros,  |c [2016] 
300 |a 1 audiodisk (2 hod., 34 min.) ;  |c 12 cm 
306 |a 023400 
336 |a mluvené slovo  |b spw  |2 rdacontent 
337 |a audio  |b s  |2 rdamedia 
338 |a audiodisk  |b sd  |2 rdacarrier 
344 |a digital  |b optical  |2 rda 
347 |a audio soubor  |b MP3  |2 rda 
500 |a Název z disku 
500 |a Copyright Albatros Media 
508 |a Režie Jindřiška Nováková 
511 0 |a Čte Martha Issová 
518 |a Natočeno ve zvukovém studiu na DAMU v Praze v březnu 2016 
655 7 |a české příběhy  |7 fd133973  |2 czenas 
655 7 |a zvukové záznamy pro děti a mládež  |7 fd186726  |2 czenas 
655 7 |a audioknihy  |7 fd119452  |2 czenas 
655 7 |a kompaktní disky  |7 fd201991  |2 czenas 
700 1 |a Nováková, Jindřiška,  |d 1954-  |7 jn20010601354  |4 drt 
700 1 |a Issová, Martha,  |d 1981-  |7 js20051128007  |4 stl 
910 |a BOA001  |b CDR-1372.647 
990 |a AV 
991 |b 201609  |c NOV 
996 6 |b 2610680303  |c CDR-1372.647  |l MZK  |r Sklad / do 24 hodin  |n 2  |p p.v.  |w 001576343  |u 000010  |a 1  |e BOA001  |j MZK50  |s P